00488nam a22001697a 450000500170000001000150001702000260003203500130005803700130007108200150008410000150009924500450011426000420015927000720020130000260027350000190029920140908103947.0 aENG-110766 a9788183875783c695.00 aEN-94298 bDBAD/PUB a341.480954 aPal, Jagat aHuman rights in justice /c by Jagat Pal aNew DelhibSerials Publicationsc2013 a4830/24, Prahlad street, Ansari Road, Darya GanjbNew Delhie110002 aviii,191p. c22cm(Hb) aIncludes index